Las 100 ciudades más grandes de Venezuela en un mapa - Estadísticas

Estadísticas generales
  • Esta prueba ha sido intentada 41 veces
  • La puntuación promedio es 25 de 100
Respuestas en el mapa
Las respuestas están codificadas por una escala verde-roja en el mapa de la prueba según el % correcto abajo.
 
Estadísticas de respuestas
Población Ciudad % Correcto
2.087.700 Caracas
100%
2.262.600 Maracaibo
94%
1.585.500 Valencia
86%
464.700 Maracay
83%
1.089.100 Barquisimeto
81%
454.200 Barcelona
78%
425.000 Ciudad Bolívar
72%
289.800 Mérida
72%
284.600 San Cristóbal
72%
356.800 Barinas
64%
508.200 Maturín
64%
231.600 Coro
61%
384.900 Cumaná
56%
230.800 Los Teques
56%
116.300 Puerto Ayacucho
56%
151.600 San Juan de los Morros
56%
893.400 Ciudad Guayana
53%
215.800 El Tigre
50%
78.300 San Antonio de los Altos
47%
166.400 San Fernando de Apure
47%
105.600 Tucupita
47%
191.000 Puerto Cabello
44%
299.700 Cabimas
42%
126.500 Porlamar
42%
299.500 Puerto La Cruz
42%
174.300 San Felipe
42%
175.400 Guanare
39%
165.500 Valera
39%
154.100 Punto Fijo
36%
441.700 Petare
33%
356.700 Acarigua
31%
79.300 Chacao
31%
153.400 Ciudad Ojeda
28%
98.900 El Vigía
25%
180.500 Guatire
25%
54.100 Ureña
25%
138.700 Anaco
22%
244.600 Guarenas
22%
112.900 La Victoria
22%
69.800 Maiquetía
22%
145.500 Charallave
19%
75.800 Rubio
19%
81.800 San José de Guanipa
19%
309.400 Baruta
17%
155.200 Calabozo
17%
159.300 Carúpano
17%
92.900 El Hatillo
17%
60.400 Puerto Píritu
17%
59.400 Boconó
14%
141.900 Catia La Mar
14%
165.600 Cúa
14%
116.700 Ejido
14%
53.800 Guasdualito
14%
79.900 Santa Teresa del Tuy
14%
379.500 Turmero
14%
136.400 Valle de la Pascua
14%
136.400 Cagua
11%
113.600 Carora
11%
57.000 El Tocuyo
11%
57.300 Lagunillas
11%
73.500 Machiques
11%
127.600 Ocumare del Tuy
11%
126.400 Santa Lucía
11%
53.800 Socopó
11%
55.300 Cantaura
8%
69.300 Santa Cruz de Mara
8%
109.400 Táriba
8%
95.600 Upata
8%
200.000 Cabudare
6%
58.100 Carrizal
6%
64.000 Chivacoa
6%
196.400 Guacara
6%
60.400 Los Puertos de Altagracia
6%
113.800 Punta Cardón
6%
57.000 Punta de Mata
6%
54.700 San Rafael del Moján
6%
54.600 Santa Rita
6%
105.200 Tinaquillo
6%
58.200 Zaraza
6%
64.300 Biruaca
3%
78.700 Güigüe
3%
75.100 La Concepción
3%
75.900 La Villa del Rosario
3%
67.400 Morón
3%
95.200 Villa de Cura
3%
63.600 Altagracia de Orituco
0%
78.400 Caucagüita
0%
64.500 El Cafetal
0%
83.500 El Cartanal
0%
114.900 El Limón
0%
77.300 La Dolorita
0%
75.000 Los Dos Caminos
0%
114.800 Mariara
0%
128.700 Palo Negro
0%
107.100 San Carlos de Austria
0%
82.300 San Carlos del Zulia
0%
68.800 San Joaquín
0%
65.900 Tacarigua
0%
58.200 Villa Rosa
0%
100.200 Yaritagua
0%
No se encontraron pruebas coincidentes
Distribución de puntuación
Porcentaje de gente con cada puntuación
Porcentaje por número respondido
Historial de tus puntuaciones
No has intentado esta prueba.